000 00474nam a2200193Ia 4500
005 20240823012725.0
008 240823s9999||||xx |||||||||||||| ||und||
020 _a81-7808-902-5
041 _aENGLISH
082 _A005.82 P3
100 _a"Stallings, William"
245 0 _aCryptography and Network Security
250 _a3rd
260 _c2003
_b"Pearson,New "
500 _aTRANSFERED
650 _aNetworking
_bComputer Science
942 _cBK
999 _c165217
_d165217